Southville International School and Colleges
Your cart is empty.
  • Cart
  • Lists
    Public lists Eva Luna New books Lux_list list_1
    Your lists Log in to create your own lists
  • Log in to your account
  • Your cookies
  • Search history
Southville International School and Colleges
  • Advanced search
  • Recent comments
  • Most popular
  • Libraries

Log in to your account

Log in with GOOGLE


If you do not have an external account, but do have a local account, you can still log in:

  1. Home
  2. MARC view: What time is it? :
Normal view MARC view ISBD view

What time is it? : (Record no. 111929)

[ view plain ]
MARC details
000 -LEADER
fixed length control field 00626nam a2200217 a 4500
001 - CONTROL NUMBER
control field 2965
005 - DATE AND TIME OF LATEST TRANSACTION
control field 20140414131924.0
008 - FIXED-LENGTH DATA ELEMENTS--GENERAL INFORMATION
fixed length control field 051130s19uu xx 00 eng d
020 ## - INTERNATIONAL STANDARD BOOK NUMBER
International Standard Book Number 0-590-12008-5
050 ## - LIBRARY OF CONGRESS CALL NUMBER
Classification number ER
Item number W55 1999
100 ## - MAIN ENTRY--PERSONAL NAME
Personal name Keenan, Shiela
245 ## - TITLE STATEMENT
Title What time is it? :
Statement of responsibility, etc by Shiela Keenan ; illustrated by K. A. Jacobs.
Remainder of title a book of math riddles /
260 ## - PUBLICATION, DISTRIBUTION, ETC. (IMPRINT)
Place of publication, distribution, etc New York :
Name of publisher, distributor, etc Scholastic,
Date of publication, distribution, etc 1999.
300 ## - PHYSICAL DESCRIPTION
Extent 1 v. p. : ill. ; cm.
440 ## - SERIES STATEMENT/ADDED ENTRY--TITLE
Title Scholastic reader, level 2
500 ## - GENERAL NOTE
General note "Cartwheel Books"
650 ## - SUBJECT ADDED ENTRY--TOPICAL TERM
Topical term or geographic name as entry element Time
General subdivision Fiction.
650 ## - SUBJECT ADDED ENTRY--TOPICAL TERM
Topical term or geographic name as entry element Children stories.
Holdings
Withdrawn status Lost status Damaged status Use restrictions Home library Current library Shelving location Date acquired Source of acquisition Cost, normal purchase price Total Checkouts Full call number Barcode Date last seen Price effective from Koha item type
        Munich Library Munich Library Easy Reading Section 11/30/2005   125.00   ER W55 1999 M2869 04/14/2014 04/14/2014 Books
        Munich Library Munich Library Easy Reading Section 02/01/2006   125.00   ER W55 1999 M2868 04/14/2014 04/14/2014 Books

What time is it? :

APA

Keenan S., . (1999). What time is it?. New York: Scholastic.

Chicago

Keenan Shiela, . 1999. What time is it?. New York: Scholastic.

Harvard

Keenan S., . (1999). What time is it?. New York: Scholastic.

MLA

Keenan Shiela, . What time is it?. New York: Scholastic. 1999.

  • Place hold
  • Print
  • Cite
  • Add to your cart (remove)
  • Save record
    BIBTEX Dublin Core MARCXML MARC (non-Unicode/MARC-8) MARC (Unicode/UTF-8) MARC (Unicode/UTF-8, Standard) MODS (XML) RIS
  • More searches
    Search for this title in:
    Other Libraries (WorldCat) Other Databases (Google Scholar) Online Stores (Bookfinder.com) Open Library (openlibrary.org)

Exporting to Dublin Core...

SOUTHVILLE LIBRARY

Southville International School and Colleges Library

1281 Tropical Ave. Cor. Luxembourg St., BF Homes International, Las Pinas City

Tel. No. 8256374 / 252358 Loc. 117/146

Powered by Koha